[Event "Amersham e2e4 Major op"]
[Site "Amersham"]
[Date "2012.05.19"]
[Round "3"]
[White "Foley, Phil T"]
[Black "Waddingham, Grace"]
[Result "1/2-1/2"]
[WhiteElo "1662"]
[BlackElo "1182"]
[PlyCount "34"]
[EventDate "2012.05.18"]
[EventType "swiss"]
[EventRounds "5"]
[EventCountry "ENG"]
[SourceTitle "EXT 2014"]
[Source "ChessBase"]
[SourceDate "2013.11.20"]
[SourceVersion "1"]
[SourceVersionDate "2013.11.20"]
[SourceQuality "1"]

1. e4 e5 2. Nc3 Nc6 3. Bc4 Nf6 4. f4 exf4 5. Nf3 h6 6. d4 Bb4 7. 0-0 Bxc3 8. bxc3 Nxe4 9. Re1 d5 10. Bd3 0-0 11. Bxe4 dxe4 12. Rxe4 Re8 13. Rxf4 Be6 14. Re4 Bd5 15. Rxe8+ Qxe8 16. Bd2 Rd8 17. Kf2 Qe6 1/2-1/2